Learning Resource and Development

Essentials of : (Record no. 598)

MARC details
000 -LEADER
fixed length control field 00672nam a22002177a 4500
005 - DATE AND TIME OF LATEST TRANSACTION
control field 20250625102830.0
008 - FIXED-LENGTH DATA ELEMENTS--GENERAL INFORMATION
fixed length control field 180116t xxu||||| |||| 00| 0 eng d
020 ## - INTERNATIONAL STANDARD BOOK NUMBER
International Standard Book Number 9814058769
020 ## - INTERNATIONAL STANDARD BOOK NUMBER
International Standard Book Number 9789814058766
040 ## - CATALOGING SOURCE
Transcribing agency CSPC
082 0# - DEWEY DECIMAL CLASSIFICATION NUMBER
Classification number 612
Item number M337e
100 ## - MAIN ENTRY--PERSONAL NAME
Personal name Marieb, Elaine N.,
Relator term author.
245 00 - TITLE STATEMENT
Title Essentials of :
Remainder of title Human anatomy & Physiology
Statement of responsibility, etc. Elaine N. Marieb,
260 ## - PUBLICATION, DISTRIBUTION, ETC.
Place of publication, distribution, etc. Singapore :
Name of publisher, distributor, etc. Pearson Education Asia.
Date of publication, distribution, etc. 2002
300 ## - PHYSICAL DESCRIPTION
Extent xviii, 538 pages :
Other physical details images ;
Dimensions 27 cm.
Accompanying material Filipiniana Sectio
500 ## - GENERAL NOTE
General note Includes Index.
650 10 - SUBJECT ADDED ENTRY--TOPICAL TERM
Topical term or geographic name entry element Anatomy.
Form subdivision Physiology.
942 ## - ADDED ENTRY ELEMENTS (KOHA)
Koha item type
Source of classification or shelving scheme Dewey Decimal Classification
Holdings
Withdrawn status Lost status Source of classification or shelving scheme Damaged status Not for loan Home library Current library Shelving location Date acquired Total Checkouts Full call number Barcode Date last seen Copy number Price effective from Koha item type
    Dewey Decimal Classification     Main Library Main Library Nursing Section 05/12/2023   NUR 612 M337e 2002 007245 05/12/2023 1-1 05/12/2023 Books